Buat duit dengan foto

Bibliographic Details
Main Author: Muhamad Ali
Format: Book
Published: Kuala Lumpur : PTS Professional Publishing , 2009
Series:Bisnes & Pengurusan
Subjects:

MARC

LEADER 00000cam a2200000 7i4500
001 0000031965
005 20120426.0
008 120426
020 |a 9675226229 
090 0 0 |a 650.1   |b MUH 
100 0 |a Muhamad Ali 
245 1 0 |a Buat duit dengan foto   |c Muhamad Ali 
260 |a Kuala Lumpur :   |b PTS Professional Publishing ,   |c 2009 
440 |a Bisnes & Pengurusan 
650 0 |a Business planning 
650 0 |a Success in business 
999 |a 0001142332   |b Book   |c Adult Collection   |e Cawangan Urban Transformation Centre 
999 |a 0001142333   |b Book   |c Adult Collection   |e Perbadanan Perpustakaan Awam Johor 
999 |a 0001182036   |b Book   |c Adult Collection   |e Cawangan Bandar Tenggara 
999 |a 0001182037   |b Book   |c Adult Collection   |e Cawangan Mersing 
999 |a 0001182038   |b Book   |c Adult Collection   |e Cawangan Muar 
999 |a 0001182039   |b Book   |c Adult Collection   |e Cawangan Segamat 
999 |a 0001182042   |b Book   |c Adult Collection   |e Cawangan Pontian 
999 |a 0001182044   |b Book   |c Adult Collection   |e Cawangan Tmn. Ungku Tun Aminah 
999 |a 0001182045   |b Book   |c Adult Collection   |e Cawangan Kota Tinggi 
999 |a 0001182046   |b Book   |c Adult Collection   |e Cawangan Bandar Penawar 
999 |a 0001182047   |b Book   |c Adult Collection   |e Cawangan Bukit Gambir 
999 |a 0001182048   |b Book   |c Adult Collection   |e Cawangan Bukit Gambir